[Event "TUR-chT 2nd League"]
[Site "Konya"]
[Date "2018.07.17"]
[Round "2.10"]
[White "Ozturk, Cagatay"]
[Black "Okay, Ilkin Ege"]
[Result "0-1"]
[WhiteElo "1595"]
[BlackElo "1969"]
[PlyCount "84"]
[EventDate "2018.07.16"]
[EventType "team-swiss"]
[EventRounds "9"]
[EventCountry "TUR"]
[SourceTitle "EXT 2019"]
[Source "ChessBase"]
[SourceDate "2018.10.10"]
[SourceVersion "1"]
[SourceVersionDate "2018.10.10"]
[SourceQuality "1"]
[WhiteTeam "Cesme Belediye"]
[BlackTeam "Pendik Dernegi"]
[WhiteTeamCountry "TUR"]
[BlackTeamCountry "TUR"]

1. e4 c5 2. Nf3 d6 3. d4 cxd4 4. Nxd4 Nf6 5. Nc3 Nc6 6. Be3 e5 7. Nb3 Be6 8. f3 Be7 9. Qd2 0-0 10. Rd1 h6 11. Bb5 a6 12. Be2 b5 13. 0-0 Qd7 14. Nd5 Bxd5 15. exd5 Nd8 16. Rf2 Nh7 17. g4 f5 18. gxf5 Qxf5 19. Rg2 Ng5 20. Rf1 Ndf7 21. Na5 Rae8 22. Nc6 Bf6 23. Nb4 Ra8 24. Nd3 Rac8 25. Kh1 Kh8 26. Nb4 Ra8 27. Bd3 Qd7 28. c3 e4 29. fxe4 Ne5 30. Rgf2 Ng4 31. Rg2 Rae8 32. Qe2 Ne5 33. Nxa6 Nxd3 34. Bxg5 Bxg5 35. Rxf8+ Rxf8 36. Qxd3 Rf4 37. Nb4 Qe8 38. Re2 Rf1+ 39. Kg2 Qf7 40. Nc2 Bh4 41. Qe3 Rb1 42. Nd4 Qf1# 0-1

[Event "TUR-chT 2nd League"]
[Site "Konya"]
[Date "2017.07.23"]
[Round "9.2"]
[White "Okay, Ilkin Ege"]
[Black "Acar, Cengiz Can"]
[Result "1-0"]
[WhiteElo "1973"]
[BlackElo "1676"]
[PlyCount "77"]
[EventDate "2017.07.17"]
[EventType "team-swiss"]
[EventRounds "9"]
[EventCountry "TUR"]
[SourceTitle "CBM 179 Extra"]
[Source "ChessBase"]
[SourceDate "2017.08.23"]
[SourceVersion "1"]
[SourceVersionDate "2017.08.23"]
[SourceQuality "1"]
[WhiteTeam "Dogukisla Izcilik"]
[BlackTeam "Eskiseh Tasci"]
[WhiteTeamCountry "TUR"]
[BlackTeamCountry "TUR"]

1. e4 d5 2. exd5 Qxd5 3. Nc3 Qd6 4. d4 c6 5. Nf3 Bg4 6. Be2 Nd7 7. 0-0 Ngf6 8. h3 Bh5 9. g3 e6 10. Bf4 Qb4 11. a3 Qb6 12. Na4 Qd8 13. b4 Nd5 14. Bd2 b5 15. Nc5 N7b6 16. g4 Bg6 17. Ne5 Qh4 18. Kg2 Rc8 19. Nxc6 Bd6 20. Nxa7 0-0 21. Nxc8 Rxc8 22. Bf3 Bf4 23. Re1 Qg5 24. Bxf4 Nxf4+ 25. Kg3 Nc4 26. Qc1 Nh5+ 27. Kh2 Qh4 28. gxh5 Qxf2+ 29. Bg2 Nd2 30. Rf1 Nxf1+ 31. Qxf1 Qxf1 32. Bxf1 Bxc2 33. Bxb5 Rd8 34. Rc1 Bf5 35. Rd1 e5 36. d5 Kf8 37. Bc6 Bc8 38. b5 f5 39. b6 1-0

[Event "TUR-chT 2nd League"]
[Site "Konya"]
[Date "2017.07.20"]
[Round "6.3"]
[White "Kuruz, Yusuf"]
[Black "Okay, Ilkin Ege"]
[Result "1/2-1/2"]
[WhiteElo "1906"]
[BlackElo "1973"]
[PlyCount "55"]
[EventDate "2017.07.17"]
[EventType "team-swiss"]
[EventRounds "9"]
[EventCountry "TUR"]
[SourceTitle "CBM 179 Extra"]
[Source "ChessBase"]
[SourceDate "2017.08.23"]
[SourceVersion "1"]
[SourceVersionDate "2017.08.23"]
[SourceQuality "1"]
[WhiteTeam "Malatya Yesilyurt"]
[BlackTeam "Dogukisla Izcilik"]
[WhiteTeamCountry "TUR"]
[BlackTeamCountry "TUR"]

1. Nf3 g6 2. c4 Bg7 3. Nc3 d6 4. g3 Nf6 5. Bg2 0-0 6. 0-0 Nc6 7. d3 e5 8. Bd2 h6 9. Qc1 Kh7 10. Nd1 a5 11. e4 Bg4 12. Ne3 Bxf3 13. Bxf3 Nd4 14. Qd1 Nxf3+ 15. Qxf3 Nd7 16. Rad1 Nc5 17. Bc1 Qd7 18. b3 f5 19. exf5 gxf5 20. Ng2 c6 21. Nh4 Qf7 22. Ba3 Rad8 23. Qe2 Ne6 24. Bb2 Rfe8 25. Qf3 Rf8 26. Qe2 Rfe8 27. Qf3 Rf8 28. Qe2 1/2-1/2

[Event "TUR-chT 2nd League"]
[Site "Konya"]
[Date "2017.07.18"]
[Round "3.3"]
[White "Okay, Ilkin Ege"]
[Black "Doner, Mustafa"]
[Result "1-0"]
[WhiteElo "1973"]
[BlackElo "1879"]
[PlyCount "61"]
[EventDate "2017.07.17"]
[EventType "team-swiss"]
[EventRounds "9"]
[EventCountry "TUR"]
[SourceTitle "CBM 179 Extra"]
[Source "ChessBase"]
[SourceDate "2017.08.23"]
[SourceVersion "1"]
[SourceVersionDate "2017.08.23"]
[SourceQuality "1"]
[WhiteTeam "Dogukisla Izcilik"]
[BlackTeam "Gaziantep Sader"]
[WhiteTeamCountry "TUR"]
[BlackTeamCountry "TUR"]

1. e4 c5 2. Nf3 d6 3. d4 cxd4 4. Nxd4 Nf6 5. Nc3 a6 6. Bc4 e6 7. Bb3 Nbd7 8. Bg5 Nc5 9. f3 b5 10. Qd2 Bb7 11. 0-0-0 Qc7 12. Kb1 0-0-0 13. Bh4 Be7 14. Bg3 Qb6 15. Rhe1 Nfd7 16. Re3 g5 17. Bf2 Ne5 18. Qe2 Rhg8 19. g3 Nc6 20. Nxc6 Qxc6 21. Bd5 Qc7 22. Bxb7+ Kxb7 23. Rd4 Qc6 24. b4 e5 25. Rd1 Ne6 26. Nd5 Qd7 27. Rc3 Rc8 28. Qe3 Nd4 29. Rxd4 exd4 30. Qxd4 Rxc3 31. Qa7+ 1-0

[Event "TUR-chT2"]
[Site "Konya"]
[Date "2015.07.30"]
[Round "8.11"]
[White "Yapici, Mustafa"]
[Black "Okay, Ilkin Ege"]
[Result "1/2-1/2"]
[WhiteElo "1819"]
[BlackElo "1982"]
[PlyCount "47"]
[EventDate "2015.07.25"]
[EventType "team-swiss"]
[EventRounds "9"]
[EventCountry "TUR"]
[SourceTitle "EXT 2017"]
[Source "ChessBase"]
[SourceDate "2016.10.25"]
[SourceVersion "1"]
[SourceVersionDate "2016.10.25"]
[SourceQuality "1"]
[WhiteTeam "Istanbul Dobruca"]
[BlackTeam "Ankara Odtu"]
[WhiteTeamCountry "TUR"]
[BlackTeamCountry "TUR"]

1. d4 g6 2. c4 Bg7 3. Nc3 Nf6 4. e4 d6 5. f3 0-0 6. Be3 c5 7. dxc5 dxc5 8. Qxd8 Rxd8 9. Rd1 Rxd1+ 10. Kxd1 b6 11. e5 Ne8 12. f4 Nc6 13. Nf3 Bf5 14. Be2 Nb4 15. Kc1 Rd8 16. Rd1 Nd3+ 17. Bxd3 Rxd3 18. Rxd3 Bxd3 19. b3 Nc7 20. g4 Bf1 21. Nd2 Bh3 22. g5 h6 23. gxh6 Bxh6 24. Nde4 1/2-1/2

[Event "World School-ch U17 6th"]
[Site "Kayseri"]
[Date "2010.07.30"]
[Round "9"]
[White "Okay, Ilkin Ege"]
[Black "Javakhadze, Zurab"]
[Result "0-1"]
[WhiteElo "1872"]
[BlackElo "2354"]
[PlyCount "76"]
[EventDate "2010.07.21"]
[EventType "swiss"]
[EventRounds "9"]
[EventCountry "TUR"]
[SourceTitle "CBM 137 Extra"]
[Source "ChessBase"]
[SourceDate "2010.09.01"]
[SourceVersion "1"]
[SourceVersionDate "2010.09.01"]
[SourceQuality "1"]

1. e4 g6 2. d4 Bg7 3. Nc3 c6 4. Bc4 d5 5. exd5 b5 6. Bb3 b4 7. Ne4 cxd5 8. Nc5 Nf6 9. a3 bxa3 10. Rxa3 0-0 11. Bf4 Nc6 12. Nf3 Nh5 13. Be3 Qd6 14. 0-0 a5 15. Re1 h6 16. Ba4 Nd8 17. Ne5 Kh7 18. f4 f5 19. Bb5 Nf6 20. Qe2 Ne4 21. Rea1 Qc7 22. Nb3 g5 23. fxg5 f4 24. g6+ Kg8 25. Bf2 Ne6 26. Nf3 N6g5 27. Nxg5 Nxg5 28. Nc5 Bf5 29. b4 e5 30. dxe5 f3 31. Qd2 Rad8 32. Re1 fxg2 33. e6 Be4 34. Nd7 Rxd7 35. Bxd7 Be5 36. Rg3 Bxg3 37. Rxe4 Rxf2 38. e7 Nf3# 0-1

[Event "World School-ch U17 6th"]
[Site "Kayseri"]
[Date "2010.07.21"]
[Round "1"]
[White "Topak, Engin"]
[Black "Okay, Ilkin Ege"]
[Result "1/2-1/2"]
[WhiteElo "2269"]
[BlackElo "1872"]
[PlyCount "112"]
[EventDate "2010.07.21"]
[EventType "swiss"]
[EventRounds "9"]
[EventCountry "TUR"]
[SourceTitle "CBM 137 Extra"]
[Source "ChessBase"]
[SourceDate "2010.09.01"]
[SourceVersion "1"]
[SourceVersionDate "2010.09.01"]
[SourceQuality "1"]

1. e4 c6 2. Nf3 d5 3. Nc3 Bg4 4. h3 Bxf3 5. Qxf3 e6 6. d4 dxe4 7. Nxe4 Be7 8. c3 Nf6 9. Bd3 Nbd7 10. Qg3 Nxe4 11. Bxe4 Bf6 12. Bf4 0-0 13. 0-0-0 Qc8 14. Kb1 Rd8 15. h4 a5 16. h5 Ra6 17. Bd3 b5 18. Qe3 Nf8 19. g4 g6 20. Qf3 Bg7 21. h6 Bh8 22. Bg5 Nd7 23. Bxd8 Qxd8 24. Rhe1 Qb6 25. Be4 b4 26. cxb4 axb4 27. Qe3 Ra5 28. Bc2 Qd8 29. f4 Nb6 30. Bb3 Nd5 31. Qe4 Kf8 32. Rf1 Qd6 33. Rc1 Ne7 34. Rfd1 Nd5 35. Rf1 Ne7 36. Rc5 Rxc5 37. dxc5 Qxc5 38. Rd1 Ke8 39. Qd3 Nd5 40. Bxd5 Qxd5 41. Qxd5 exd5 42. a4 bxa3 43. bxa3 Bc3 44. Kc2 Ba5 45. Kd3 Kd7 46. a4 c5 47. Ke3 Kc6 48. f5 Bb6 49. Rf1 c4+ 50. Ke2 d4 51. fxg6 d3+ 52. Kd2 Ba5+ 53. Ke3 Bb6+ 54. Kd2 Ba5+ 55. Kd1 fxg6 56. Rf7 Bd8 1/2-1/2

[Event "TUR-chT"]
[Site "Konya"]
[Date "2010.07.07"]
[Round "12"]
[White "Esen, Baris"]
[Black "Okay, Ilkin Ege"]
[Result "1-0"]
[WhiteElo "2521"]
[BlackElo "1865"]
[PlyCount "70"]
[EventDate "2010.06.29"]
[EventType "team-tourn"]
[EventRounds "13"]
[EventCountry "TUR"]
[SourceTitle "CBM 137 Extra"]
[Source "ChessBase"]
[SourceDate "2010.09.01"]
[SourceVersion "1"]
[SourceVersionDate "2010.09.01"]
[SourceQuality "1"]

1. d4 Nf6 2. c4 g6 3. Nf3 Bg7 4. g3 0-0 5. Bg2 d6 6. 0-0 Nc6 7. Nc3 a6 8. Bf4 Nh5 9. Be3 Bd7 10. d5 Na5 11. Nd2 c5 12. dxc6 bxc6 13. Rc1 Rb8 14. b3 c5 15. Nf3 Nc6 16. Qd2 Re8 17. Bh6 Bh8 18. h3 Qc8 19. Kh2 Ng7 20. Ne1 Nf5 21. Bf4 Nb4 22. Nd3 Bc6 23. Nd5 a5 24. h4 Qb7 25. Be4 Nd4 26. e3 Ne6 27. Bh6 Nc7 28. Rfd1 Rbd8 29. N3f4 Ncxd5 30. cxd5 Bd7 31. a3 Na6 32. Qc2 f5 33. Bd3 Nc7 34. g4 Bg7 35. Bxg7 Kxg7 1-0

[Event "TUR-chT"]
[Site "Konya"]
[Date "2010.06.30"]
[Round "3"]
[White "Sirin, Atakan"]
[Black "Okay, Ilkin Ege"]
[Result "1-0"]
[WhiteElo "2250"]
[BlackElo "1865"]
[PlyCount "67"]
[EventDate "2010.06.29"]
[EventType "team-tourn"]
[EventRounds "13"]
[EventCountry "TUR"]
[SourceTitle "CBM 137 Extra"]
[Source "ChessBase"]
[SourceDate "2010.09.01"]
[SourceVersion "1"]
[SourceVersionDate "2010.09.01"]
[SourceQuality "1"]

1. d4 Nf6 2. Nf3 g6 3. g3 Bg7 4. Bg2 0-0 5. 0-0 d6 6. c4 Nc6 7. Nc3 a6 8. a3 Rb8 9. Qc2 e5 10. dxe5 dxe5 11. Bg5 Nd4 12. Nxd4 exd4 13. Rad1 h6 14. Bxf6 Qxf6 15. Nd5 Qd8 16. e3 dxe3 17. Nxe3 Qg5 18. b4 Be6 19. f4 Qe7 20. f5 gxf5 21. Nxf5 Qg5 22. Nxg7 Qxg7 23. c5 b6 24. c6 Rbd8 25. Qe4 Qg5 26. Bf3 Bb3 27. Rde1 Be6 28. Rd1 Bb3 29. Rde1 Be6 30. Rf2 Rd6 31. h4 Qg6 32. Qxg6+ fxg6 33. Rxe6 Rxf3 34. Rxd6 1-0